[Event "Nuremberg LGA Cup 6th"]
[Site "Nuremberg"]
[Date "2009.09.04"]
[Round "3"]
[White "Lechtynsky, Jiri"]
[Black "Luther, Thomas"]
[Result "0-1"]
[WhiteElo "2401"]
[BlackElo "2559"]
[Annotator "Gutman,L"]
[PlyCount "50"]
[EventDate "2009.09.03"]
[EventType "swiss"]
[EventRounds "7"]
[EventCountry "GER"]
[SourceTitle "EXT 2010"]
[Source "ChessBase"]
[SourceDate "2010.11.25"]
[SourceVersion "1"]
[SourceVersionDate "2010.11.25"]
[SourceQuality "1"]

1. d4 e6 2. c4 Nf6 3. Nf3 d5 4. Nc3 Bb4 5. cxd5 exd5 6. Bg5 Nbd7 7. Rc1 ({
Besser gefällt} 7. Qc2 $5 {, wie in der Partie Bischoff-Luther, LGA Premium
Cup Runde 7}) 7... c6 8. a3 Bxc3+ 9. Rxc3 h6 (9... O-O $5 10. e3 h6 11. Bh4 g5
12. Bg3 Ne4 {brachte Schwarz zhao Xue-Kosintseva N, nigbo 2009}) 10. Bf4 (10.
Re3+ Kf8 11. Bf4 Kg8 $11 {hat Schwarz nicht zu befürchten}) 10... Ne4 11. Rc1
Ndf6 12. Nd2 Nxd2 13. Qxd2 Ne4 14. Qb4 a5 15. Qb3 O-O $6 ({Bessere Aussichten
versprach Schwarz} 15... Qf6 $5 16. Qe3 (16. e3 $6 Nxf2 17. Kxf2 g5 18. Re1 O-O
19. g3 gxf4 20. gxf4 Kh8 $15) 16... O-O 17. Be5 Qe7 18. f3 Nd6 19. Qf4 Rd8 $15)
16. e3 ({Vorzuziehen war} 16. f3 Nd6 17. e3 Nf5 18. Bd3 Qh4+ 19. g3 Qe7 20.
Bxf5 Bxf5 21. g4 Bh7 22. O-O a4 23. Qc3 $11 {mit Ausgleich}) 16... a4 ({
Wirkungsvoller wäre} 16... Qh4 $5 17. g3 Qe7 18. h4 Re8 $15 {gewesen}) 17. Qb4
Qh4 18. Rc2 ({Auch} 18. g3 {kam in Betracht,} Qf6 (18... Qh5 19. Be2 Qh3 20.
Bf1) 19. f3 Ng5 20. Bg2 $11) 18... Bf5 ({Solider erscheint} 18... Re8 $11 {
, aber Schwarz will das Spiel unbedingt komplizieren}) 19. Qxb7 c5 (19... Rfc8
20. Qb6 Nd6 21. Rd2 Ne4 $11 {ergab Zugwiederholung}) 20. Qxd5 Bg6 21. Bd3 ({
Möglich war} 21. g3 Qe7 22. Bg2 Rad8 23. Qe5 Qxe5 24. Bxe5 cxd4 25. Rc6 dxe3
26. fxe3 Rfe8 27. Bc7 Rd3 28. Bb6 $14 {mit einem Mehrauern für weiß in Endspiel
}) 21... Nxf2 $2 ({Angebracht war} 21... Rad8 22. Qc4 cxd4 23. O-O dxe3 24.
fxe3 Rxd3 25. Qxd3 Ng3 26. Bxg3 Bxd3 27. Bxh4 Bxc2 $44 {mit Ersatz für den
Bauern}) 22. Rxf2 (22. Bxg6 Nxh1+ 23. g3 $18 {mit gewonnener Stellung}) 22...
Bxd3 23. dxc5 Ba6 24. c6 $2 (24. Bd6 Rad8 25. Qd4 $16 {mit Klarem Vorteil für
Weiß}) 24... Rfd8 25. Qxf7+ $4 ({Nach} 25. Qf3 Rac8 26. c7 Re8 $44 {hätte
Schwarz genügend Gegenspiel, wenn auch nicht mehr}) 25... Kxf7 0-1

[Event "Novosibirsk"]
[Site "Novosibirsk"]
[Date "1993.??.??"]
[Round "2"]
[White "Beliavsky, Alexander G"]
[Black "Serper, Grigory"]
[Result "1-0"]
[WhiteElo "2610"]
[BlackElo "2590"]
[Annotator "Hansen,Cu"]
[PlyCount "59"]
[EventDate "1993.06.??"]
[EventType "tourn"]
[EventRounds "11"]
[EventCountry "RUS"]
[EventCategory "14"]
[SourceTitle "CBM 036"]
[Source "ChessBase"]
[SourceDate "1993.10.01"]
[SourceVersion "1"]
[SourceVersionDate "1993.10.01"]
[SourceQuality "1"]

1. d4 Nf6 2. c4 e6 3. Nf3 d5 4. Nc3 Bb4 5. Bg5 h6 6. Bxf6 Qxf6 7. a3 $5 Bxc3+
8. bxc3 O-O 9. e3 c5 (9... Nc6 10. cxd5 exd5 11. Qb3 Rd8 12. Be2 Rb8 13. O-O
Bg4 14. h3 Bxf3 15. Bxf3 Na5 16. Qb5 b6 {Schwanek,C-Minzer,C/Buenos Aires/1991/
}) 10. Qb3 Rd8 (10... dxc4 11. Qxc4 b6 12. Qa4 $13) 11. Be2 dxc4 (11... Nc6 {
/\Na5} 12. cxd5 exd5 13. dxc5 Qe7 14. O-O Qxc5 15. Rfd1 $14) 12. Qxc4 (12. Bxc4
Nc6 {/\Na5}) 12... b6 {/\Ba6} 13. Qa4 Bb7 14. O-O Nd7 15. Rfd1 a6 $6 {/\b6-b5
+ c5-c4/Nd7-b6} (15... e5 $5 16. dxe5 (16. d5 e4 17. Nd2 Bxd5 18. Nxe4 Qe6 $15)
16... Nxe5 17. Rxd8+ Rxd8 18. Nxe5 Qxe5 19. Qxa7 Qxc3 20. Rf1 Rd2 (20... Qb2
21. Bh5 Bd5 22. Rd1 $14) 21. Qb8+ Kh7 22. Qxb7 Rxe2 23. Qxf7 Re1 $10) 16. Qb3
Rac8 (16... Bd5 17. c4 Bc6 18. d5 $16) 17. a4 $14 {><b6,><a6} Rc7 {/\cxd4+Rac8}
18. Rac1 Rdc8 (18... Bd5 $5) 19. Ne5 $1 $8 (19. Qb2 cxd4 20. cxd4 Rxc1 21. Rxc1
Qd8 $10) 19... cxd4 (19... Nxe5 20. dxe5 Qxe5 (20... Qg5 21. Bf1) 21. Qxb6 $16
{<->d,><a6}) 20. Nxd7 Rxd7 21. cxd4 Rxc1 22. Rxc1 e5 $6 (22... Qd8 $5 $14) 23.
Bg4 $5 (23. dxe5 $1 Qxe5 24. Qxb6 $16) 23... Qg5 $2 (23... Re7 $1 $8 24. d5 e4
25. Bc8 Bxc8 26. Rxc8+ Kh7 $13) 24. f3 $16 Re7 (24... Rxd4 25. h4 $1 (25. Rc7
$2 Bd5 26. Rc8+ Kh7 27. Qb1+ Be4 28. fxe4 Qxe3+ $13) 25... Rb4 26. hxg5 Rxb3
27. e4 {/\Rc7} b5 28. a5 $18) 25. d5 {/\d6} Qg6 26. Qa3 $1 (26. e4 $2 Qd6 $14)
26... Re8 27. e4 $18 {ץa8,<->c} Qg5 28. Rc7 Qd2 29. h3 Ba8 30. Bh5 (30. Bh5 g6
31. Bxg6 fxg6 32. Qd6 Qg5 33. Qd7 $18) 1-0

[Event "Munich SKA"]
[Site "Munich"]
[Date "1993.??.??"]
[Round "10"]
[White "Lobron, Eric"]
[Black "Lautier, Joel"]
[Result "1/2-1/2"]
[WhiteElo "2620"]
[BlackElo "2645"]
[Annotator "Hansen,Cu"]
[PlyCount "121"]
[EventDate "1993.05.??"]
[EventType "tourn"]
[EventRounds "11"]
[EventCountry "GER"]
[EventCategory "16"]
[SourceTitle "CBM 036"]
[Source "ChessBase"]
[SourceDate "1993.10.01"]
[SourceVersion "1"]
[SourceVersionDate "1993.10.01"]
[SourceQuality "1"]

1. d4 d5 2. c4 e6 3. Nf3 Nf6 4. Nc3 Bb4 5. Bg5 Nbd7 6. cxd5 exd5 7. Qc2 c5 8.
e3 Qa5 9. Bd3 c4 10. Bf5 O-O 11. O-O Re8 12. Nd2 g6 13. Bxd7 Nxd7 14. Rae1 Nb6
15. f3 Bd7 16. Bh6 (16. Re2 Bxc3 17. bxc3 Ba4 18. Qb2 Bc6 19. Rc1 Re6 20. Bf4
Na4 21. Qc2 b5 $132 {Danielsen,H-Stempin,P/Lyngby Open/1990/}) (16. h4 Bf8 17.
e4 Bg7 18. Be3 Rad8 19. Ndb1 dxe4 20. fxe4 f5 21. e5 Be6 22. h5 $13 {Nemet,
I-Georgadze,G/Forli open/1992/}) (16. Bh4 Bxc3 (16... Re6 17. e4 Rae8 18. Ndb1
f5 19. e5 Na4 20. Re2 Nxc3 (20... Bxc3 21. bxc3 Qc7 22. Bf6 Rb6 23. h4 $14 {
Bellon Lopez,J-Campos Moreno,J/Spain/1991/}) 21. Nxc3 Bxc3 22. bxc3 b5 23. g4
$1 $40 {Cramling,P-Wirthensohn/Bern/1991/}) (16... Na4 17. Ndb1 Bf8 18. e4 Nxc3
19. Nxc3 Bc6 (19... Be6 20. Re2 Bg7 21. Qd2 Qb6 22. e5 Qc6 23. g4 b5 24. Rg2 b4
25. Ne2 a5 26. f4 Bc8 27. f5 $16 {Osterman,R-Sifrer,D/SLO-ch/1992/}) 20. e5 b5
21. a3 Qb6 22. Qf2 a5 23. f4 b4 24. f5 $1 $16 {Krasenkov,M-Blatny,P/Katowice
op/1992/}) 17. bxc3 Na4 18. Nb1 f5 (18... Qb5 19. e4 Qb2 20. Qxb2 Nxb2 21. exd5
f5 22. Na3 $14 {Neverov,V-Dizdar,G/Voskresensk/1990/}) 19. h3 (19. Bg3 Re6 20.
Bf4 Rae8 21. h4 Qd8 22. Qf2 Bc8 23. Rc1 b5 $15 {Mohr,S-Luther,T/Bad Lauterberg/
1991/}) (19. e4 dxe4 20. fxe4 fxe4 21. Bf6 e3 22. Be5 Rf8 23. Qe4 Bc6 24. Qxe3
Qd5 25. Qh3 {0,5-0,5/Glek,I-Luther,T/Deutschland/1992/}) 19... Re6 (19... Bc6
20. g4 Rf8 21. Bg3 Rae8 22. Be5 $2 Nc5 $17 {Cramling,P-Lobron,E/Hamburg SKA/
1991/}) 20. g4 Rf8 21. Bg3 Bc6 22. Re2 Qd8 23. Bf4 Qe7 $13 {Thinius,M-Dizdar,G/
Gronningen op/1991/}) 16... Re6 17. Ndb1 (17. e4 Bxc3 18. bxc3 Na4 19. Nb1 Rb6
$132) 17... Be7 (17... Rae8 18. e4 $14) (17... Bxc3 18. Nxc3 Na4 $13) 18. Bf4 {
/\e3-e4} (18. e4 $2 g5 $19) 18... Bf6 19. Qf2 {/\e3-e4} Bg7 20. e4 Bc6 21. e5 (
21. Bd2 Qa6 $13) 21... Nd7 $15 {פb1} 22. Bd2 Qb6 (22... Qc7 $5 {/\b7-b5-b4})
23. Nd1 {/\Bc3,Nd2,Ne3 + f3-f4-f5//\Nbc3,Ne3 ><d5} f6 24. exf6 Rxe1 25. Rxe1
Nxf6 $17 {/\Rf8+Ne4/Ng4 ><d4} 26. Bc3 Rf8 27. Qd2 Nh5 {/\Nf4-d3} 28. Nf2 Bd7 $6
(28... Nf4 29. g3 $13 (29. Bb4 $2 Bxd4 30. Bxf8 Nd3 $17)) (28... Rf7 $5 {
/\Bd7+Nf4,ץc3,פb1}) 29. Bb4 $1 $13 Re8 (29... Rf7 30. Bc5 {/\Nc3}) 30. Rxe8+
Bxe8 31. Bc5 Qe6 32. g4 Nf6 33. Nc3 Nd7 34. Bb4 Nb8 {/\Nc6,><d4} (34... Qf6 35.
Qe3 Bf7 36. Ne2 $10) 35. Ne2 Nc6 36. Bc3 b5 {/\b4 -+} (36... a5 $5 {/\b7-b5})
37. b4 a5 (37... cxb3 38. axb3 b4 39. Bb2 $13 {/\Nd3}) 38. a3 axb4 39. axb4 Bf8
{/\Dd6 -+} 40. g5 {/\Ng4<=>} (40. Ng3 Qe7 $1 $17 (40... Qd6 41. Nfe4 $1 dxe4
42. Nxe4 Qd8 43. d5 $13)) (40. Nc1 Qf6 41. Kg2 Bd6 $17) 40... Qe7 (40... Nxb4
41. Bxb4 Bxb4 42. Qxb4 Qxe2 43. Ng4 Qxf3 44. Nh6+ Kh8 45. Qe7 $10) 41. Ng4 Bf7
42. Nh6+ (42. Nf6+ Kg7 $17 {/\Sxb4}) 42... Kg7 (42... Kh8 43. Qf4 Be6 44. Kf2
$13) 43. Qf4 Qe6 $1 {/\Bd6} 44. Qd2 (44. Qc7 Bd6 45. Qb7 (45. Qxc6 $4 Bxh2+ $19
) 45... Nd8 $19) 44... Bxb4 (44... Nxb4 $2 45. Nf4 Qe7 46. Nh5+ Kh8 47. Bxb4
$16) 45. Nf4 Qd6 46. Nh5+ Kf8 47. Bxb4 Nxb4 (47... Qxb4 48. Qf4 Qe1+ 49. Kg2
Qe2+ $10) 48. Nf6 Nc6 49. Qa2 $8 (49. Nxh7+ Kg7 50. Nf6 b4 $17) 49... b4 50.
Qa6 (50. Qa8+ Nd8) 50... b3 51. Qb6 $1 Qe6 52. Kf2 Kg7 53. h4 $6 Ne5 $1 54.
Nf5+ $8 Qxf5 55. dxe5 Qxe5 $2 (55... Qc2+ 56. Kg3 b2 57. Nh5+ gxh5 58. Qf6+ Kf8
59. Qd6+ Kg8 60. Qd8+ $10) (55... c3 $1 56. Qc7 (56. Qxb3 Qxe5 $19) (56. h5
Qxg5) 56... b2 57. Ne8+ Kf8 58. Nd6 b1=Q $19) 56. Ng4 Qf4 (56... Qb2+ 57. Kg3
Qc3 58. h5 $1 $132) 57. h5 $1 {/\h5-h6} Qd2+ 58. Kf1 Qc1+ 59. Kf2 Qd2+ 60. Kf1
Qc1+ 61. Kf2 1/2-1/2

[Event "Novosibirsk"]
[Site "Novosibirsk"]
[Date "1993.??.??"]
[Round "10"]
[White "Goldin, Alexander"]
[Black "Serper, Grigory"]
[Result "1/2-1/2"]
[WhiteElo "2555"]
[BlackElo "2590"]
[Annotator "Hansen,Cu"]
[PlyCount "39"]
[EventDate "1993.06.??"]
[EventType "tourn"]
[EventRounds "11"]
[EventCountry "RUS"]
[EventCategory "14"]
[SourceTitle "CBM 036"]
[Source "ChessBase"]
[SourceDate "1993.10.01"]
[SourceVersion "1"]
[SourceVersionDate "1993.10.01"]
[SourceQuality "1"]

1. d4 Nf6 2. c4 e6 3. Nf3 d5 4. Nc3 Bb4 5. Bg5 h6 6. Bxf6 Qxf6 7. e3 O-O 8. Rc1
dxc4 9. Bxc4 c5 10. O-O (10. a3 Bxc3+ 11. bxc3 Nc6 12. O-O Rd8 13. Qe2 Qe7 14.
a4 b6 15. Rfd1 Bb7 16. Ba6 Bxa6 {0,5-0,5/Dankert,P-Hess,R/BL/1981/}) 10... cxd4
11. Nxd4 (11. exd4 Bxc3 (11... Nc6 12. Ne4 Qf4 13. Qe2 Rd8 14. Rfd1 Be7 15. d5
$4 exd5 {0-1/Vandervoort,P-Sosonko,G/Brussels-Z/1993/} (15... exd5 16. Bxd5
Rxd5 17. Rxd5 Qxc1+)) 12. Rxc3 Nc6 (12... Nd7 $6 13. Bb3 $16) 13. Bb5 Bd7 14.
Ne5 Rad8 $10 (14... Rfd8 $2 15. Rf3 $18)) 11... Rd8 12. Qb3 Qe7 13. Ne4 (13.
Be2 Nd7 14. Ncb5 Nb6 15. Nc7 Rb8 16. a3 Bc5 17. Ncb5 a6 $10 {Epishin,
V-Illescas Cordoba,M/Terrassa/1991/}) 13... Ba5 14. Rfd1 Bb6 $10 {/\Bd7/Nd7} (
14... Nd7 $2 15. Bxe6 fxe6 16. Nxe6 $16) 15. Qc3 Bd7 16. Nb5 (16. Nd6 $6 Qxd6
17. Nxe6 Qxe6 (17... Bxe6 18. Rxd6 Rxd6 19. Bxe6 fxe6 20. Qc8+ Rd8 21. Qxb7 Nd7
22. b4 $14) 18. Bxe6 Bxe6 19. Rxd8+ Bxd8 $15) 16... Bc6 (16... Nc6 17. Nbd6
Rab8 18. b4 $14) 17. Rxd8+ Bxd8 (17... Qxd8 18. Nbd6 Nd7 $10) 18. Ng3 Bb6 (
18... Nd7 19. Nd4 Rc8 $10 20. Bb3 (20. Nxe6 $2 fxe6 21. Nf5 Qf6 22. Bxe6+ Kh8
$17) (20. Nh5 Nf6) 20... Nf6 $1 (20... Nb6 $2 21. Nxe6 fxe6 22. Nf5 Qf6 23.
Bxe6+ $16)) 19. Nd4 Bd7 20. Bd3 1/2-1/2

[Event "Biel"]
[Site "Biel"]
[Date "1992.??.??"]
[Round "6"]
[White "Beliavsky, Alexander G"]
[Black "Lautier, Joel"]
[Result "0-1"]
[WhiteElo "2595"]
[BlackElo "2580"]
[Annotator "Hansen,Cu"]
[PlyCount "80"]
[EventDate "1992.07.??"]
[EventType "tourn"]
[EventRounds "14"]
[EventCountry "SUI"]
[EventCategory "16"]
[SourceTitle "CBM 031"]
[Source "ChessBase"]
[SourceDate "1992.12.01"]
[SourceVersion "1"]
[SourceVersionDate "1992.12.01"]
[SourceQuality "1"]

1. d4 d5 2. c4 e6 3. Nc3 Bb4 4. cxd5 exd5 5. Qa4+ Nc6 6. Nf3 Nf6 7. Bg5 h6 8.
Bxf6 Qxf6 9. e3 O-O 10. Be2 Be6 11. O-O a6 12. Rfc1 Bd6 13. Qd1 Ne7 (13... Rae8
14. Na4 Nd8 15. Nc5 Bc8 16. b4 (16. Nd3 Ne6 17. Nfe5 c5 18. Ng4 Qe7 19. dxc5
Nxc5 20. Nxc5 Bxc5 21. Qxd5 Bd6 22. Qh5 Be6 23. h3 f5 24. Nh2 Bf7 25. Qxf5 Be6
$13 {Portisch-Sosonko Wijk aan Zee 1975 (inf. 19/507)}) 16... Ne6 17. a4 Ng5
18. Nxg5 Qxg5 19. Qb3 Re7 20. Bf3 c6 21. b5 $14 {Yuferov-Tompa EUCup 1991}) (
13... Rfd8 14. Na4 $14 {Dzindzishavili-Ivkov Geneve 1977 (inf. 23/(544))}) (
13... Rfe8 14. Na4 Nd8 15. Nc5 Bc8 16. Nd3 g6 17. b4 Nc6 18. Qb3 $14 {
Ostojic-Georgadze,G Belgrade IKO 1992}) (13... Rad8 14. Na4 Nb8 15. Nc5 Bc8 16.
b4 Qe7 17. Qb3 Nd7 18. a4 Nf6 19. b5 axb5 20. axb5 Ne4 $132 {Bukic-Sifrer
Ljubljana Iskra 1992}) 14. Na4 b6 15. b4 $6 (15. Nc3 Rfd8 (15... Rfb8 16. a4
Nc6 $6 17. e4 dxe4 18. Nxe4 Qf4 19. d5 $1 Qxe4 20. dxe6 $16 {/\21.Rc4 Olafsson,
F-Petrosian JUG ct 1959}) 16. Qf1 (16. a4 c5 17. a5 Rdb8 18. Na4 bxa5 19. Nxc5
$16 {Benko-Lombardy USA 1959}) 16... c6 17. Na4 Rdb8 18. Rc3 $14 {
Taimanov-Kotov SWZ ct 1953}) 15... g5 16. Nb2 (16. g3 Ng6 17. Ne1 Qg7 18. Kh1
f5 19. f4 Bxb4 $17 {Groszpeter-Horvath,J Zenica 1987}) 16... Ng6 17. Nd3 h5 18.
Nfe5 {/\Bxh5} g4 {/\Nxe5} (18... h4 $6 19. Nc6 Bd7 20. Qc2 Bf5 21. h3 Qe6 22.
Qd1 Be4 23. Rc3 f5 24. Nde5 $14 {URS Simferopol 1988}) 19. f4 (19. Nxg6 fxg6
$40) (19. Nc6 $5) 19... Nh4 {><e3,><e4} 20. a4 Qg7 21. a5 $6 (21. b5 $15) 21...
f6 22. Nc6 Nf5 23. Qd2 Rfe8 $17 24. Ra3 Bd7 25. Nde5 (25. Ne1 Bxc6 26. Rxc6
bxa5 $17) 25... Be6 $5 (25... fxe5 26. dxe5 Bf8 27. Qxd5+ Be6 $17) 26. Nd3 Qf7
{/\27. - Ld7 ><d5} 27. Nf2 (27. Rac3 $8 Bd7 28. Nce5 fxe5 29. fxe5 Bf8 30. Rxc7
$13) 27... Bd7 28. g3 $2 (28. Rb3 $17) 28... bxa5 $1 29. Rxa5 (29. Nxa5 Qe7 {
><e3,><b4}) 29... Bxc6 30. Rxc6 Rxe3 31. Rcxa6 Rxa6 32. Rxa6 Bxb4 $19 33. Qb2
Bc3 34. Ra8+ Re8 (34... Kg7 $6 35. Qb8 Rxe2 36. Qh8+ Kg6 37. Rg8+ Ng7 38. f5+
Kxf5 39. Rxg7 $13) 35. Qa2 (35. Rxe8+ Qxe8 36. Qxc3 Qxe2 $19 {/\37. - Se3 38.
Dc1 Df3}) 35... Rxa8 36. Qxa8+ Kg7 37. Bd3 Nxd4 38. h3 Nf3+ 39. Kf1 Qe6 40.
hxg4 hxg4 {/\ De1+. Hansen,Cu} 0-1